| 000 | 01261naa a22002897a 4500 | ||
|---|---|---|---|
| 001 | BR7803396 | ||
| 003 | BR-BrBNA | ||
| 005 | 20240918174111.0 | ||
| 007 | ta | ||
| 008 | 230509b bl.||||| |||| 00| 0 por d | ||
| 040 |
_aBR-BrBNA _bpor _cBiblioteca Nacional de Agricultura |
||
| 041 | _a(Pt) | ||
| 072 |
_aE15; E30 _b2110 _bG514 |
||
| 090 | _aE15 BR7803396 | ||
| 110 | 1 |
_aConselho Consultivo dos Produtores de Cacau, Itabuna, BA (Brasil) _92584 |
|
| 111 | 1 |
_a2. Encontro Nacional da Agropecuaria _cBrasilia, DF (Brazil) _d16 Oct 1978 |
|
| 245 | 1 | _aCacau: a atualidade agro-industrial do cacau e sua importancia na economia brasileira [Theobroma cacao] | |
| 260 | 3 |
_aSalvador, BA (Brasil): _c1978. |
|
| 500 | _aTrabalhos apresentados no 2. Encontro Nacional da Agropecuaria. 1: Cacau, 2: Sisal, 3: Mandioca, 4: Associativismo Salvador, BA (Brasil): 1978. p. 1-31 (BR7803396-AM)E15 | ||
| 650 | _aMicroeconomia | ||
| 650 | _aDesenvolvimento agricola | ||
| 650 | _aCacau | ||
| 650 | _aEconomia agricola | ||
| 773 | 0 |
_tTrabalhos apresentados no 2. Encontro Nacional da Agropecuaria. 1: Cacau, 2: Sisal, 3: Mandioca, 4: Associativismo _wE15 BR7803396 _gSalvador, BA (Brasil), 1978. p. 1-31 |
|
| 909 |
_a202404 _bLucia _c55 _dLucia Elande |
||
| 942 |
_cAM _2AGRIS |
||
| 999 |
_c308911 _d308911 |
||